00451nam a2200121Ia 4500008004100000100001900041245005500060245002700115260000900142856008600151999001900237952007300256160531s9999 xx 000 0 und d aOzdemir, Oner. aPediatric Nursing, Psychiatric and Surgical Issues cEdited by Oner Ozdemir c2015 uhttp://www.intechopen.com/books/pediatric-nursing-psychiatric-and-surgical-issues c295328d295328 001040aCLbCLd2016-05-31l0r2016-05-31 00:00:00w2016-05-31yCBE